Бизнес-психология

Detalles Bibliográficos
Autor principal: Кузнецов И. Н. Игорь Николаевич
Sumario:В издание включены психолого-педагогические разработки российских и зарубежных специалистов, занимающихся вопросами деловой психологии. Освещается широкий спектр психологических проблем коммуникации в профессиональной деятельности: особенности делового общения в новых экономических условиях, вербальные и невербальные средства коммуникации, формы общения и др. Несомненный интерес для читателей представляют практические рекомендации для профессионального общения при ведении торгов, деловых бесед и переговоров. Книга может быть полезной для студентов, изучающих вопросы деловой коммуникации, предпринимателей, банкиров, менеджеров, маркетологов, юристов, психологов, экономистов, лингвистов, социологов и многих других.
Lenguaje:ruso
Publicado: Москва, Дашков и К, 2007
Colección:Стратегия делового успеха
Materias:
Formato: Libro
KOHA link:https://koha.lib.tpu.ru/cgi-bin/koha/opac-detail.pl?biblionumber=120477

MARC

LEADER 00000nam0a2200000 4500
001 120477
005 20231031125029.0
010 |a 5911311038 
035 |a (RuTPU)RU\TPU\book\130456 
090 |a 120477 
100 |a 20070829d2007 km y0rusy50 ca 
101 0 |a rus 
102 |a RU 
105 |a y z 001zy 
200 1 |a Бизнес-психология  |f И. Н. Кузнецов 
210 |a Москва  |c Дашков и К  |d 2007 
215 |a 244 с. 
225 1 |a Стратегия делового успеха 
320 |a Список использованной литературы: с. 237-242. 
330 |a В издание включены психолого-педагогические разработки российских и зарубежных специалистов, занимающихся вопросами деловой психологии. Освещается широкий спектр психологических проблем коммуникации в профессиональной деятельности: особенности делового общения в новых экономических условиях, вербальные и невербальные средства коммуникации, формы общения и др. Несомненный интерес для читателей представляют практические рекомендации для профессионального общения при ведении торгов, деловых бесед и переговоров. Книга может быть полезной для студентов, изучающих вопросы деловой коммуникации, предпринимателей, банкиров, менеджеров, маркетологов, юристов, психологов, экономистов, лингвистов, социологов и многих других. 
610 1 |a психология 
610 1 |a экономическая психология 
610 1 |a бизнес 
610 1 |a деловые отношения 
610 1 |a деловое общение 
610 1 |a психологическая культура 
610 1 |a деловые беседы 
610 1 |a деловые переговоры 
610 1 |a совещания 
610 1 |a торги 
610 1 |a споры 
610 1 |a деловое партнерство 
686 |a Ю949.3  |v LBC/SL-A  |2 rubbk 
686 |a Ю953  |v LBC/SL-A  |2 rubbk 
700 1 |a Кузнецов  |b И. Н.  |g Игорь Николаевич 
801 1 |a RU  |b 63413507  |c 20070829  |g PSBO 
801 2 |a RU  |b 63413507  |c 20170407  |g PSBO 
900 |a Деловые и общественные отношения 
942 |c BK 
959 |a 51/20070829  |d 2  |e 143,00  |f АНЛ:1  |f ЧЗГЛ:1